[Event "San Francisco TNM Spring op"]
[Site "San Francisco"]
[Date "2011.04.05"]
[Round "4"]
[White "Morrison, Kyle"]
[Black "Buscara, Sevan"]
[Result "1-0"]
[WhiteElo "2249"]
[BlackElo "2516"]
[PlyCount "89"]
[EventDate "2011.03.15"]
[EventType "swiss"]
[EventRounds "8"]
[EventCountry "USA"]
[SourceTitle "EXT 2012"]
[Source "ChessBase"]
[SourceDate "2011.11.24"]
[SourceVersion "1"]
[SourceVersionDate "2011.11.24"]
[SourceQuality "1"]

1. d4 d5 2. c4 c6 3. Nc3 Nf6 4. e3 a6 5. Nf3 b5 6. c5 g6 7. Ne5 Bg7 8. Be2 Nfd7 9. f4 0-0 10. Nd3 a5 11. Bf3 b4 12. Na4 f6 13. Bg4 e5 14. f5 exd4 15. exd4 Re8+ 16. Kf2 Ra7 17. Bf4 Ba6 18. Re1 Nf8 19. Bd6 Bb5 20. Qc2 h5 21. Bf3 Na6 22. Nf4 Rxe1 23. Rxe1 b3 24. Qxb3 Nb4 25. a3 g5 26. axb4 gxf4 27. Nb6 Nd7 28. Nxd5 cxd5 29. Bxd5+ Kh8 30. Qh3 Nf8 31. Qxh5+ Nh7 32. Bc4 Bd7 33. Re7 Rb7 34. Qg6 Qxe7 35. Bxe7 Rxb4 36. Qf7 Rxb2+ 37. Ke1 Rb8 38. Bd6 Re8+ 39. Kf2 Ba4 40. h4 Bh6 41. Be6 f3 42. gxf3 Bb5 43. d5 a4 44. c6 Ra8 45. c7 1-0

[Event "Hart House Holiday op"]
[Site "Toronto"]
[Date "2009.12.20"]
[Round "5"]
[White "Kleinman, Michael"]
[Black "Morrison, Kyle"]
[Result "1/2-1/2"]
[WhiteElo "2100"]
[BlackElo "2246"]
[PlyCount "64"]
[EventDate "2009.12.18"]
[EventType "swiss"]
[EventRounds "5"]
[EventCountry "CAN"]
[SourceTitle "EXT 2011"]
[Source "ChessBase"]
[SourceDate "2010.11.26"]
[SourceVersion "1"]
[SourceVersionDate "2010.11.26"]
[SourceQuality "1"]

1. e4 c5 2. Nc3 d6 3. g3 g6 4. Bg2 Bg7 5. d3 Nc6 6. Be3 e6 7. Qd2 Qa5 8. Nge2 Nd4 9. 0-0 Ne7 10. a3 Bd7 11. f4 Rb8 12. Nxd4 cxd4 13. Ne2 Qxd2 14. Bxd2 Ba4 15. Rfc1 Kd7 16. b3 Bc6 17. c4 Rhc8 18. a4 f5 19. Kf2 b6 20. Bf3 a6 21. g4 b5 22. cxb5 axb5 23. Ng3 bxa4 24. bxa4 Rb2 25. Ke1 fxg4 26. Bxg4 h5 27. Bd1 Bh6 28. Ne2 Rcb8 29. Rc2 Rxc2 30. Bxc2 e5 31. a5 Bb5 32. Rb1 Nc6 1/2-1/2

[Event "Hart House Holiday op"]
[Site "Toronto"]
[Date "2009.12.18"]
[Round "1"]
[White "Wu, Kevin"]
[Black "Morrison, Kyle"]
[Result "0-1"]
[WhiteElo "1923"]
[BlackElo "2246"]
[PlyCount "74"]
[EventDate "2009.12.18"]
[EventType "swiss"]
[EventRounds "5"]
[EventCountry "CAN"]
[SourceTitle "EXT 2011"]
[Source "ChessBase"]
[SourceDate "2010.11.26"]
[SourceVersion "1"]
[SourceVersionDate "2010.11.26"]
[SourceQuality "1"]

1. e4 c5 2. Nf3 d6 3. d4 cxd4 4. Nxd4 Nf6 5. Nc3 a6 6. Bg5 e6 7. f4 Qb6 8. Nb3 Nbd7 9. Qf3 Be7 10. 0-0-0 Qc7 11. Nd4 b5 12. Bd3 b4 13. Nce2 Bb7 14. g4 Qb6 15. Rhe1 0-0 16. Qh3 Nc5 17. Bxf6 Bxf6 18. e5 Nxd3+ 19. Rxd3 dxe5 20. g5 Be7 21. fxe5 Be4 22. Rg3 Bg6 23. Qg4 Rac8 24. h4 Qa5 25. h5 b3 26. Nc3 bxa2 27. Nb3 a1Q+ 28. Nxa1 Qxa1+ 29. Kd2 Rfd8+ 30. Ke2 Qxb2 31. hxg6 Qxc2+ 32. Kf1 Rxc3 33. gxf7+ Kxf7 34. g6+ hxg6 35. Rxc3 Qxc3 36. Re2 Qd3 37. Kg2 Bc5 0-1

[Event "Toronto Hart House Holidays op"]
[Site "Toronto"]
[Date "2008.12.21"]
[Round "5"]
[White "Armstrong, Robert J"]
[Black "Morrison, Kyle"]
[Result "0-1"]
[WhiteElo "1832"]
[BlackElo "2244"]
[PlyCount "84"]
[EventDate "2008.12.19"]
[EventType "swiss"]
[EventRounds "5"]
[EventCountry "CAN"]
[SourceTitle "EXT 2011"]
[Source "ChessBase"]
[SourceDate "2010.11.26"]
[SourceVersion "1"]
[SourceVersionDate "2010.11.26"]
[SourceQuality "1"]

1. d4 Nf6 2. c4 e6 3. Nf3 d5 4. e3 c6 5. Bd3 dxc4 6. Bxc4 b5 7. Bd3 a6 8. 0-0 c5 9. dxc5 Bxc5 10. b3 Bb7 11. Bb2 Nc6 12. Nc3 Qe7 13. Rc1 Rc8 14. Ne4 Nxe4 15. Bxe4 0-0 16. Bxh7+ Kxh7 17. Qc2+ Kg8 18. Qxc5 Qxc5 19. Rxc5 Nb4 20. Rxc8 Rxc8 21. a3 Nd3 22. Bd4 f6 23. Rd1 e5 24. Kf1 Nc1 25. Bb6 Nxb3 26. Rd8+ Rxd8 27. Bxd8 Kf7 28. Ke2 Ke6 29. Ne1 Kd5 30. Be7 Nc5 31. Nd3 Nd7 32. Nb2 Ke6 33. Bb4 Bxg2 34. a4 e4 35. axb5 axb5 36. Kd2 Bf3 37. Nd1 Bxd1 38. Kxd1 Ne5 39. Kc2 Nd3 40. Kc3 Kd5 41. f4 Nxb4 42. Kxb4 Kc6 0-1

[Event "Toronto Hart House Holidays op"]
[Site "Toronto"]
[Date "2008.12.20"]
[Round "3"]
[White "Kleinman, Michael"]
[Black "Morrison, Kyle"]
[Result "1-0"]
[WhiteElo "1988"]
[BlackElo "2244"]
[PlyCount "61"]
[EventDate "2008.12.19"]
[EventType "swiss"]
[EventRounds "5"]
[EventCountry "CAN"]
[SourceTitle "EXT 2011"]
[Source "ChessBase"]
[SourceDate "2010.11.26"]
[SourceVersion "1"]
[SourceVersionDate "2010.11.26"]
[SourceQuality "1"]

1. e4 c5 2. Nc3 d6 3. Nge2 a6 4. d4 cxd4 5. Nxd4 Nf6 6. Bg5 e6 7. f4 Nbd7 8. Qf3 Qc7 9. 0-0-0 b5 10. e5 Bb7 11. Qh3 dxe5 12. Nxe6 fxe6 13. Qxe6+ Be7 14. Nxb5 axb5 15. Bxb5 0-0-0 16. Qxe7 Be4 17. Rd2 h6 18. Bxf6 gxf6 19. Rhd1 Bf5 20. fxe5 fxe5 21. g4 Qb7 22. Qb4 Be6 23. Rd6 Kb8 24. Rxe6 Nc5 25. Qxc5 Rxd1+ 26. Kxd1 Qh1+ 27. Kd2 Qxh2+ 28. Kc3 Qg3+ 29. Bd3 Rc8 30. Rb6+ Ka7 31. Rc6+ 1-0

[Event "Kitchener Oktoberfest op"]
[Site "Kitchener"]
[Date "2008.10.18"]
[Round "3"]
[White "Fiedler, Brian"]
[Black "Morrison, Kyle"]
[Result "1/2-1/2"]
[WhiteElo "2144"]
[BlackElo "2205"]
[PlyCount "49"]
[EventDate "2008.10.17"]
[EventType "swiss"]
[EventRounds "5"]
[EventCountry "CAN"]
[SourceTitle "EXT 2011"]
[Source "ChessBase"]
[SourceDate "2010.11.26"]
[SourceVersion "1"]
[SourceVersionDate "2010.11.26"]
[SourceQuality "1"]

1. Nf3 c5 2. c4 Nf6 3. Nc3 e6 4. g3 b6 5. Bg2 Bb7 6. 0-0 Be7 7. Re1 a6 8. e4 d6 9. d4 cxd4 10. Nxd4 Qc7 11. Be3 Nbd7 12. f4 0-0 13. Rc1 Rfe8 14. Bf2 Rac8 15. b3 h5 16. h3 h4 17. g4 d5 18. e5 Ne4 19. Nxe4 dxe4 20. Bxe4 Bxe4 21. Rxe4 b5 22. Re1 bxc4 23. Rxc4 Qb7 24. Rxc8 Rxc8 25. Qf3 1/2-1/2

[Event "Kitchener Masters1"]
[Site "Kitchener"]
[Date "2008.04.05"]
[Round "?"]
[White "Drkulec, Vladimir"]
[Black "Morrison, Kyle"]
[Result "0-1"]
[WhiteElo "2063"]
[BlackElo "2149"]
[PlyCount "125"]
[EventDate "2008.04.05"]
[EventType "tourn"]
[EventRounds "3"]
[EventCountry "CAN"]
[SourceTitle "EXT 2011"]
[Source "ChessBase"]
[SourceDate "2010.11.26"]
[SourceVersion "1"]
[SourceVersionDate "2010.11.26"]
[SourceQuality "1"]

1. c4 Nf6 2. g3 c6 3. Bg2 d5 4. cxd5 cxd5 5. d4 Nc6 6. Nf3 Bf5 7. 0-0 h6 8. Nc3 e6 9. Bf4 Be7 10. Rc1 0-0 11. Ne5 Rc8 12. h3 Bd6 13. Nxc6 Rxc6 14. Qd2 Bxf4 15. Qxf4 Qa5 16. g4 Bg6 17. h4 Qb4 18. g5 hxg5 19. hxg5 Nd7 20. Qd2 Rfc8 21. a3 Qb6 22. e3 a6 23. f4 Qc7 24. Rf2 Nb6 25. Qe1 Na4 26. e4 Nxc3 27. bxc3 dxe4 28. Bxe4 Bxe4 29. Qxe4 Rxc3 30. Rcf1 Qc6 31. Qxc6 R8xc6 32. f5 Rg3+ 33. Rg2 Rxa3 34. g6 exf5 35. gxf7+ Kxf7 36. Rxf5+ Rf6 37. Rd5 Ra1+ 38. Kh2 Rh6+ 39. Kg3 Rg6+ 40. Kh2 Rxg2+ 41. Kxg2 Ke6 42. Rg5 Rd1 43. Rxg7 b5 44. Kf3 Rxd4 45. Rg6+ Kd5 46. Rxa6 Kc4 47. Rc6+ Kb3 48. Ke3 Rd8 49. Rc1 Kb2 50. Rh1 b4 51. Rh2+ Ka3 52. Rh7 b3 53. Ra7+ Kb2 54. Ke2 Kb1 55. Ra6 b2 56. Ra7 Rd5 57. Ra8 Kc2 58. Rc8+ Kb3 59. Rb8+ Kc3 60. Rb7 Rd4 61. Rc7+ Rc4 62. Rb7 Kc2 63. Z0 0-1

[Event "Kitchener Masters1"]
[Site "Kitchener"]
[Date "2008.04.05"]
[Round "?"]
[White "Zubac, Marius"]
[Black "Morrison, Kyle"]
[Result "0-1"]
[WhiteElo "2237"]
[BlackElo "2149"]
[PlyCount "152"]
[EventDate "2008.04.05"]
[EventType "tourn"]
[EventRounds "3"]
[EventCountry "CAN"]
[SourceTitle "EXT 2011"]
[Source "ChessBase"]
[SourceDate "2010.11.26"]
[SourceVersion "1"]
[SourceVersionDate "2010.11.26"]
[SourceQuality "1"]

1. d4 Nf6 2. c4 e6 3. Nc3 Bb4 4. f3 d5 5. a3 Bxc3+ 6. bxc3 c5 7. cxd5 Nxd5 8. dxc5 Qa5 9. e4 Ne7 10. Be3 0-0 11. Qb3 Qc7 12. Nh3 e5 13. Nf2 Nec6 14. a4 Na5 15. Qa3 Be6 16. Rb1 Nc4 17. Bxc4 Bxc4 18. Qb4 Ba6 19. Ng4 h5 20. Nf2 Nc6 21. Qa3 Na5 22. Qc1 Qc6 23. Rb4 Qe6 24. Nd1 Rac8 25. Qc2 Rfd8 26. Nb2 Nc6 27. Kf2 b6 28. Rb5 Bxb5 29. axb5 Na5 30. c6 Nc4 31. Ra1 Nxe3 32. Kxe3 Qh6+ 33. Ke2 Qg5 34. g3 h4 35. Rxa7 hxg3 36. hxg3 Qxg3 37. Nd3 Rd6 38. Qb3 Rf6 39. Ne1 Qh2+ 40. Ke3 Rd8 41. Rd7 Rxd7 42. cxd7 Rd6 43. Nd3 Rxd7 44. Qc4 Qh4 45. Ke2 Qf6 46. Kd2 Kh7 47. Kc2 g6 48. Nb2 Kg7 49. Qe2 Rc7 50. Kb3 Qe6+ 51. c4 Qd6 52. Nd3 Ra7 53. Nb4 Ra1 54. Nc2 Rb1+ 55. Kc3 Qc5 56. Kd2 Qg1 57. Kc3 Qc1 58. Qe3 Qb2+ 59. Kd2 Rc1 60. Qd3 g5 61. c5 bxc5 62. b6 Rg1 63. Qe2 Qxb6 64. Qh2 Qd6+ 65. Kc3 Rc1 66. Kb2 Rd1 67. Qg2 f6 68. Qe2 Qb6+ 69. Kc3 Qa5+ 70. Kb2 Rd2 71. Qc4 Qb4+ 72. Qxb4 cxb4 73. Kc1 Rxc2+ 74. Kxc2 Kh6 75. Kb3 Kh5 76. Kxb4 Kh4 0-1

[Event "Kitchener Winter op"]
[Site "Kitchener"]
[Date "2008.02.17"]
[Round "5"]
[White "Drkulec, Vladimir"]
[Black "Morrison, Kyle"]
[Result "0-1"]
[WhiteElo "2132"]
[BlackElo "2122"]
[PlyCount "43"]
[EventDate "2008.02.15"]
[EventType "swiss"]
[EventRounds "5"]
[EventCountry "CAN"]
[SourceTitle "EXT 2011"]
[Source "ChessBase"]
[SourceDate "2010.11.26"]
[SourceVersion "1"]
[SourceVersionDate "2010.11.26"]
[SourceQuality "1"]

1. d4 Nf6 2. c4 e6 3. Nc3 Bb4 4. Qc2 d5 5. Nf3 c5 6. a3 Bxc3+ 7. Qxc3 0-0 8. dxc5 Nc6 9. b4 d4 10. Qc2 e5 11. e3 a5 12. b5 e4 13. Nxd4 Nxd4 14. exd4 Qxd4 15. Ra2 Ng4 16. h3 e3 17. hxg4 exf2+ 18. Qxf2 Re8+ 19. Re2 Qc3+ 20. Kd1 Bxg4 21. Rh3 Rad8+ 22. Bd2 0-1